000 00571nam a22001937a 4500
999 _c22480
_d22480
003 AR-CdUCM
008 190409b ||||| |||| 00| 0 spa d
020 _a9786123050849
040 _aMUNICIPALIDAD PROVINCIAL DEL CUSCO
_cBIBLIOTECA MUNICIPAL DEL CUSCO
082 _a869.56/O47M
_bO47M
100 _aOllé, Carmen
_948294
245 _aMonólogos de Lima /
_cCarmén Ollé
260 _aLima :
_bPeisa,
_c2015.
300 _a182, [1] páginas. :
_c23 cm.
650 _aNovelas peruanas
_9545
650 _aTeatro peruano
_92697
942 _2ddc
_cLIBROS
945 _arac